Оружие славы

Bibliographische Detailangaben
Weitere Verfasser: Горбачева Г. М. (составитель)
Sprache:Russisch
Veröffentlicht: Москва, Военное изд-во, 1985
Ausgabe:2-е изд., перераб. и доп.
Schlagworte:
Format: MixedMaterials Buch
KOHA link:https://koha.lib.tpu.ru/cgi-bin/koha/opac-detail.pl?biblionumber=277942

MARC

LEADER 00000nam0a2200000 4500
001 277942
005 20231031231609.0
020 |a RU  |b 85-88372 
035 |a (RuTPU)RU\TPU\book\301219 
090 |a 277942 
100 |a 20141208d1985 m y0rusy5003 ca 
101 0 |a rus 
102 |a RU 
105 |a ac z 000zy 
200 1 |a Оружие славы  |f сост. Г. М. Горбачева 
205 |a 2-е изд., перераб. и доп. 
210 |a Москва  |c Военное изд-во  |d 1985 
215 |a 127 с.  |c ил. 
606 1 |a Военное искусство  |x Русское  |2 stltpush  |3 (RuTPU)RU\TPU\subj\38261 
610 1 |a оружие советское 
610 1 |a боевые искусства 
610 1 |a оружейное дело 
610 1 |a музейные собрания 
610 1 |a СССР 
610 1 |a история 
686 |a Ц35(2)  |v LBC/SL-A  |2 rubbk 
702 1 |a Горбачева  |b Г. М.  |4 220 
801 0 |a RU  |b RuMRKP  |c 19950704  |g psbo 
801 1 |a RU  |b 63413507  |c 20141208 
801 2 |a RU  |b 63413507  |c 20171222  |g RCR 
942 |c BK